Normal view
MARC view
Entry Personal Name
001 - CONTROL NUMBER
- control field: 226818
003 - CONTROL NUMBER IDENTIFIER
- control field: OSt
005 - DATE AND TIME OF LATEST TRANSACTION
- control field: 20220924152506.0
008 - FIXED-LENGTH DATA ELEMENTS
- fixed length control field: 220924|| aca||aabn | a|a d
040 ## - CATALOGING SOURCE
- Original cataloging agency: OSt
- Transcribing agency: OSt
100 ## - HEADING--PERSONAL NAME
- Personal name: Oke Vinayak Konddeo Au
670 ## - SOURCE DATA FOUND
- Source citation: Work cat.: (OSt)470019: Oke Vinayak Konddeo Au. , Life of Alexnder the great, 1800
